<?xml version="1.0" encoding="UTF-8"?>
<record
    xmlns:xsi="http://www.w3.org/2001/XMLSchema-instance"
    xsi:schemaLocation="http://www.loc.gov/MARC21/slim http://www.loc.gov/standards/marcxml/schema/MARC21slim.xsd"
    xmlns="http://www.loc.gov/MARC21/slim">

  <leader>02400nam a22003497a 4500</leader>
  <controlfield tag="008">170812s2017        sz||||| |||| 00| 0 fre d</controlfield>
  <datafield tag="020" ind1=" " ind2=" ">
    <subfield code="a">9782940563166</subfield>
  </datafield>
  <datafield tag="082" ind1="0" ind2="4">
    <subfield code="a">701.03</subfield>
    <subfield code="b">P418p</subfield>
  </datafield>
  <datafield tag="100" ind1="1" ind2=" ">
    <subfield code="a">Pensa, Iolanda.</subfield>
    <subfield code="9">5905</subfield>
  </datafield>
  <datafield tag="245" ind1="1" ind2="0">
    <subfield code="a">Public art in Africa :</subfield>
    <subfield code="b">art and urban transformations in Douala /</subfield>
    <subfield code="c">Iolanda Pensa, Marta Pucciarelli, Fiona Siegenthaler, Marilyn Douala Bell, Kamiel Verschuren, Xandra Nibbeling, Lucas Grandin, Asta Adukaite y Maud de la Chapelle.</subfield>
  </datafield>
  <datafield tag="246" ind1="2" ind2="1">
    <subfield code="a">Public art in Africa :</subfield>
    <subfield code="b">art et transformations urbanes &#xE0; Douala.</subfield>
  </datafield>
  <datafield tag="250" ind1=" " ind2=" ">
    <subfield code="a">1a edici&#xF3;n.</subfield>
  </datafield>
  <datafield tag="260" ind1=" " ind2=" ">
    <subfield code="a">Ginebra, Suiza :</subfield>
    <subfield code="b">MetisPresses,</subfield>
    <subfield code="c">2017.</subfield>
  </datafield>
  <datafield tag="300" ind1=" " ind2=" ">
    <subfield code="a">236 p&#xE1;ginas :</subfield>
    <subfield code="b">ilustraciones en color.</subfield>
  </datafield>
  <datafield tag="505" ind1="0" ind2=" ">
    <subfield code="t">Foreword</subfield>
    <subfield code="r">Marilyn Douala Bell.</subfield>
    <subfield code="t">Foreword/SUD2017 "A place for the human dimension?"</subfield>
    <subfield code="r">C&#xE9;cile Bourne-Farrell.</subfield>
    <subfield code="t">Introduction / The oeuvre in progress: the SUD</subfield>
    <subfield code="r">Iolanda Pensa.</subfield>
    <subfield code="t">Duoal'art 1991-2017.</subfield>
    <subfield code="t">The poestic of the infra-ordinary, the aesthetic of recognition in contemporary African art</subfield>
    <subfield code="r">Elvira Dyangani Ose.</subfield>
    <subfield code="t">Salon Urbain de Douala (SUD)</subfield>
    <subfield code="r">Simon Njami.</subfield>
    <subfield code="t">Doual'art, pioneers of the encounter between art and street </subfield>
    <subfield code="r">Mamadou Jean-Charles Tall.</subfield>
    <subfield code="t">Doual'art, what`s next?</subfield>
    <subfield code="r">Berend van der Lans.</subfield>
    <subfield code="t">Doual'art, an agent for public art in Cameroon and in Africa</subfield>
    <subfield code="r">Michel Moukouri Edeme.</subfield>
    <subfield code="t">Eke out art</subfield>
    <subfield code="r">Christian Hanussek.</subfield>
    <subfield code="t">Doual'art: the importance of beaujolais and equity in intercultural relations and cooperation /</subfield>
    <subfield code="r">Yves-Jaques Cabasso.</subfield>
    <subfield code="t">When the imagined city overwhelms the art</subfield>
    <subfield code="r">Elsa Burzynski.</subfield>
    <subfield code="t">The color of men</subfield>
    <subfield code="r">Koko Kom&#xE9;gn&#xE9;.</subfield>
    <subfield code="t">Humanising the city</subfield>
    <subfield code="r">Herv&#xE9; Yamguen.</subfield>
    <subfield code="t">The palaver tree</subfield>
    <subfield code="r">Fr&#xE9;d&#xE9;ric Keiff.</subfield>
    <subfield code="t">The arches of time, urban signage of the historical sites of the city of Douala</subfield>
    <subfield code="r">Sandrine Dole.</subfield>
    <subfield code="t">Doual'art - Artistic intervention, a vision and a passion for a better world</subfield>
    <subfield code="r">Peter Anders.</subfield>
  </datafield>
  <datafield tag="653" ind1="1" ind2="0">
    <subfield code="a">Arte contempor&#xE1;neo</subfield>
  </datafield>
  <datafield tag="653" ind1="1" ind2="0">
    <subfield code="a">Arte p&#xFA;blico</subfield>
  </datafield>
  <datafield tag="653" ind1="1" ind2="0">
    <subfield code="a">Arte - &#xC1;frica </subfield>
  </datafield>
  <datafield tag="653" ind1="1" ind2="0">
    <subfield code="a">Cat&#xE1;logo de obras</subfield>
  </datafield>
  <datafield tag="653" ind1="1" ind2="0">
    <subfield code="a">Arte urbano</subfield>
  </datafield>
  <datafield tag="653" ind1="1" ind2="0">
    <subfield code="a">Arte y sociedad</subfield>
  </datafield>
  <datafield tag="653" ind1="1" ind2="0">
    <subfield code="a">Programas culturales comunitarios</subfield>
  </datafield>
  <datafield tag="653" ind1="1" ind2="0">
    <subfield code="a">Urbanismo</subfield>
  </datafield>
  <datafield tag="653" ind1="1" ind2="0">
    <subfield code="a">Organizaciones art&#xED;sticas independientes</subfield>
  </datafield>
  <datafield tag="700" ind1="1" ind2=" ">
    <subfield code="a">Pucciarelli, Marta.</subfield>
    <subfield code="9">5906</subfield>
  </datafield>
  <datafield tag="700" ind1="1" ind2=" ">
    <subfield code="a">Siegenthaler, Fiona.</subfield>
    <subfield code="9">5907</subfield>
  </datafield>
  <datafield tag="700" ind1="1" ind2=" ">
    <subfield code="a">Douala Bell, Marilyn.</subfield>
    <subfield code="9">5908</subfield>
  </datafield>
  <datafield tag="700" ind1="1" ind2=" ">
    <subfield code="a">Verschuren, Kamiel.</subfield>
    <subfield code="9">5909</subfield>
  </datafield>
  <datafield tag="700" ind1="1" ind2=" ">
    <subfield code="a">Grandin, Lucas.</subfield>
    <subfield code="9">5910</subfield>
  </datafield>
  <datafield tag="700" ind1="1" ind2=" ">
    <subfield code="a">Adukaite, Asta.</subfield>
    <subfield code="9">5911</subfield>
  </datafield>
  <datafield tag="700" ind1="1" ind2=" ">
    <subfield code="a">Chapelle, Maud de la.</subfield>
    <subfield code="9">5912</subfield>
  </datafield>
  <datafield tag="999" ind1=" " ind2=" ">
    <subfield code="c">1249</subfield>
    <subfield code="d">1249</subfield>
  </datafield>
  <datafield tag="952" ind1=" " ind2=" ">
    <subfield code="0">0</subfield>
    <subfield code="1">0</subfield>
    <subfield code="2">ddc</subfield>
    <subfield code="4">0</subfield>
    <subfield code="7">0</subfield>
    <subfield code="a">LV</subfield>
    <subfield code="b">LV</subfield>
    <subfield code="c">Monograf&#xED;as</subfield>
    <subfield code="d">2017-08-16</subfield>
    <subfield code="l">0</subfield>
    <subfield code="o">701.03 P418p</subfield>
    <subfield code="p">004446</subfield>
    <subfield code="r">2017-08-16 00:00:00</subfield>
    <subfield code="w">2017-08-16</subfield>
    <subfield code="y">01</subfield>
  </datafield>
</record>
